000 00645nam a2200205Ii 4500
003 JO-AjNU
008 230605s9999||||xx |||||||||||||| ||und||
017 _a2009/5/1756
040 _aJO-AjNU
_bara
_erda
_cJO-AjNU
041 _aara
050 1 4 _aPJ6106.H392 2009
100 3 _aالأصولي، أصيل الصيف,
_eauthor
_910810
245 0 0 _aالإجابة في أصور فقة النحو
264 3 1 _aاربد: المؤلف، 2009
300 _a182ص
336 _atext
_btxt
_2rdacontent
337 _aunmediated
_bn
_2rdamedia
338 _avolume
_bnc
_2rdacarrier
650 4 _aقواعد اللغة-اللغة العربية
_910811
999 _aA1999
_c5567
_d5567